[Event "The Frying of Many Livers"]
[Site "SchemingMind.com"]
[Date "2008.01.29"]
[Round "-"]
[White "lemmie"]
[Black "Clive Everill"]
[Result "1-0"]
[WhiteCountry "NED"]
[BlackCountry "CZE"]
[WhiteElo "1639"]
[WhiteRD "62"]
[BlackElo "1694"]
[BlackRD "56"]
[GameID "139401"]

1. e4 e5 2. Nf3 Nc6 3. Bc4 Nf6 4. Ng5 d5 5. exd5 Nxd5 6. Nxf7 Kxf7 7. Qf3+ Ke6 8. Nc3 Nb4 9. Qe4 c6 10. a3 Na6
11. d4 Bd6 12. Nxd5 cxd5 13. Qxd5+ Kf6 14. Qf7#
1-0

[Event "The Frying of Many Livers"]
[Site "SchemingMind.com"]
[Date "2008.01.29"]
[Round "-"]
[White "Clive Everill"]
[Black "lemmie"]
[Result "0-1"]
[WhiteCountry "CZE"]
[BlackCountry "NED"]
[WhiteElo "1694"]
[WhiteRD "56"]
[BlackElo "1639"]
[BlackRD "62"]
[GameID "139402"]

1. e4 e5 2. Nf3 Nc6 3. Bc4 Nf6 4. Ng5 d5 5. exd5 Nxd5 6. Nxf7 Kxf7 7. Qf3+ Ke6 8. Nc3 Ne7 9. d4 c6 10. Bg5 Kd7
11. Bxd5 cxd5 12. dxe5 Kc6 13. O-O-O Be6 14. Qd3 Qa5 15. Kb1 Ng6 16. f4 Re8 17. Qg3 Bc5 18. f5 Bxf5 19. Nxd5 Rxe5 20. Nf4 Re3
21. Qf2 Rf8 22. Qd2 Qxd2 23. Rxd2 Nxf4 24. Bxf4 Re6 25. Bg3 Rfe8 26. a3 g6 27. Ka2 Re2 28. Rxe2 Rxe2 29. c3 Rxg2
0-1

[Event "The Frying of Many Livers"]
[Site "SchemingMind.com"]
[Date "2008.02.05"]
[Round "-"]
[White "matizccc"]
[Black "Clive Everill"]
[Result "1-0"]
[WhiteCountry "ROU"]
[BlackCountry "CZE"]
[WhiteElo "1763"]
[WhiteRD "80"]
[BlackElo "1708"]
[BlackRD "55"]
[GameID "139658"]

1. e4 e5 2. Nf3 Nc6 3. Bc4 Nf6 4. Ng5 d5 5. exd5 Nxd5 6. Nxf7 Kxf7 7. Qf3+ Ke6 8. Nc3 Nb4 9. Bb3 Bc5 10. a3 Nxc2+
11. Bxc2 Rf8 12. Qh3+ Kd6 13. Ne4+ Kc6 14. Qd3 Bf5 15. Ba4+ b5 16. Qxb5#
1-0

[Event "The Frying of Many Livers"]
[Site "SchemingMind.com"]
[Date "2008.02.01"]
[Round "-"]
[White "matizccc"]
[Black "lemmie"]
[Result "1/2-1/2"]
[WhiteCountry "ROU"]
[BlackCountry "NED"]
[WhiteElo "1745"]
[WhiteRD "69"]
[BlackElo "1768"]
[BlackRD "55"]
[GameID "139659"]

1. e4 e5 2. Nf3 Nc6 3. Bc4 Nf6 4. Ng5 d5 5. exd5 Nxd5 6. Nxf7 Kxf7 7. Qf3+ Ke6 8. O-O b5 9. Bxb5 Nd4 10. Qd3 Nf4
11. Bc4+ Kf6 12. Qg3 Nfe2+ 13. Kh1 Nxg3+ 14. fxg3+ Kg6 15. Bd3+ Kh6 16. Nc3 Bb7 17. Re1 Bd6 18. b3 Rf8 19. Bb2 a5 20. Ne4 a4
21. g4 axb3 22. cxb3 Be7 23. Ng3 Qd5 24. Be4 Qb5 25. Bxb7 Qxb7 26. Bxd4 Bh4 27. Nf5+ Kg6 28. Rxe5 Rae8 29. Nxh4+ Kf7 30. Rg5 g6
31. Bc5 Rg8 32. Rf1+ Ke6 33. Nf3 Kd7 34. Rc1 Qa6 35. a4 c6 36. Bg1 Rgf8 37. Ne5+ Kc7 38. Nxc6 Qxc6 39. Rxc6+ Kxc6 40. Rc5+ Kb7
41. h3 Rf1 42. Kh2 Rb1=
1/2-1/2

[Event "The Frying of Many Livers"]
[Site "SchemingMind.com"]
[Date "2008.02.01"]
[Round "-"]
[White "Clive Everill"]
[Black "matizccc"]
[Result "1-0"]
[WhiteCountry "CZE"]
[BlackCountry "ROU"]
[WhiteElo "1680"]
[WhiteRD "52"]
[BlackElo "1745"]
[BlackRD "69"]
[GameID "139660"]

1. e4 e5 2. Nf3 Nc6 3. Bc4 Nf6 4. Ng5 d5 5. exd5 Nxd5 6. Nxf7 Kxf7 7. Qf3+ Ke6 8. Nc3 Ne7 9. Qe4 c6 10. d4 Ng6
11. f4 Qh4+ 12. g3 Qf6 13. O-O b5 14. Bb3 Ne7 15. Be3 Qf5 16. Qf3 exf4 17. Bxf4 Kd7 18. Nxd5 Nxd5 19. Be5 Qxf3 20. Rxf3 Rg8
21. Raf1 Be7 22. Rf7 Ne3 23. R1f3 Re8 24. Rxg7 Nd5 25. Rxh7 Kd8 26. c4 Nb6 27. cxb5 Bd7 28. bxc6 Bxc6 29. Rc3 Nd5 30. Rxc6 Nb6
31. d5 Kd7 32. Bc2 Nxd5 33. Ba4 Kd8 34. Re6 Rf8 35. Bb3 Rc8 36. Bxd5 Rc1+ 37. Kg2
1-0

[Event "The Frying of Many Livers"]
[Site "SchemingMind.com"]
[Date "2008.02.01"]
[Round "-"]
[White "lemmie"]
[Black "matizccc"]
[Result "1-0"]
[WhiteCountry "NED"]
[BlackCountry "ROU"]
[WhiteElo "1768"]
[WhiteRD "55"]
[BlackElo "1745"]
[BlackRD "69"]
[GameID "139661"]

1. e4 e5 2. Nf3 Nc6 3. Bc4 Nf6 4. Ng5 d5 5. exd5 Nxd5 6. Nxf7 Kxf7 7. Qf3+ Ke6 8. Nc3 Ne7 9. d4 c6 10. dxe5 b5
11. Nxd5 cxd5 12. Bd3 Kd7 13. Bxb5+ Ke6 14. O-O h5 15. Rd1 Qb6 16. Be8 Qb4 17. Bg5 Qe4 18. Bf7+ Kd7 19. Qxe4 Kc7 20. Qh4 Nc6
21. Rxd5 Rb8 22. Bd8+ Kb7 23. Qc4 Rh6 24. Rb5+ Ka8 25. Bf6 Bb7 26. Bd5 gxf6 27. Rxb7 fxe5 28. Rc7 Rb6 29. Rxc6 Rhxc6 30. Bxc6+
1-0

[Event "The Frying of Many Livers"]
[Site "SchemingMind.com"]
[Date "2008.02.05"]
[Round "-"]
[White "safoocat"]
[Black "Clive Everill"]
[Result "0-1"]
[WhiteCountry "USA"]
[BlackCountry "CZE"]
[WhiteElo "1461"]
[WhiteRD "82"]
[BlackElo "1669"]
[BlackRD "47"]
[GameID "139715"]

1. e4 e5 2. Nf3 Nc6 3. Bc4 Nf6 4. Ng5 d5 5. exd5 Nxd5 6. Nxf7 Kxf7 7. Qf3+ Ke6 8. Nc3 Nb4 9. Bxd5+ Nxd5 10. O-O Nxc3
11. Qxc3 Bd6 12. d3 Bd7 13. Re1 Qf6 14. Qc4+ Ke7 15. Be3 b5 16. Qc3 b4 17. Qd2 h6 18. d4 Rae8 19. Bf4 Kd8 20. dxe5 Bxe5
21. Bxe5 Rxe5 22. Rxe5 Qxe5 23. c3 Re8 24. Rd1 Re7 25. cxb4 Kc8 26. a3 Ba4 27. Rc1 Rd7
0-1

[Event "The Frying of Many Livers"]
[Site "SchemingMind.com"]
[Date "2008.02.01"]
[Round "-"]
[White "safoocat"]
[Black "matizccc"]
[Result "0-1"]
[WhiteCountry "USA"]
[BlackCountry "ROU"]
[WhiteElo "1420"]
[WhiteRD "84"]
[BlackElo "1745"]
[BlackRD "69"]
[GameID "139716"]

1. e4 e5 2. Nf3 Nc6 3. Bc4 Nf6 4. Ng5 d5 5. exd5 Nxd5 6. Nxf7 Kxf7 7. Qf3+ Ke6 8. Nc3 Ne7 9. O-O c6 10. Re1 Kd6
11. Qe4 Nb4 12. Qxe5+ Kd7 13. Bb3 Ke8 14. a3 Nd5 15. Bxd5 cxd5 16. Nxd5 Kf7 17. d3 Nxd5 18. Bg5 Be7 19. Bxe7 Nxe7 20. Re3 Bf5
21. Rae1 Re8
0-1

[Event "The Frying of Many Livers"]
[Site "SchemingMind.com"]
[Date "2008.01.31"]
[Round "-"]
[White "safoocat"]
[Black "lemmie"]
[Result "0-1"]
[WhiteCountry "USA"]
[BlackCountry "NED"]
[WhiteElo "1420"]
[WhiteRD "84"]
[BlackElo "1768"]
[BlackRD "55"]
[GameID "139717"]

1. e4 e5 2. Nf3 Nc6 3. Bc4 Nf6 4. Ng5 d5 5. exd5 Nxd5 6. Nxf7 Kxf7 7. Qf3+ Ke6 8. Nc3 Ne7 9. O-O c6 10. Re1 Kd6
11. Nxd5 cxd5 12. Bb3 d4 13. Qe4 Nc6 14. Qd5+ Kc7 15. d3 Qxd5 16. Bxd5 Kd6 17. Bf3 Bf5 18. Bd2 Rc8 19. a3 g6 20. g3 Bg7
21. Be4 Bxe4 22. Rxe4 Rhf8 23. c3 Rf3 24. cxd4 Rxd3 25. dxe5+ Bxe5
0-1

[Event "The Frying of Many Livers"]
[Site "SchemingMind.com"]
[Date "2008.01.31"]
[Round "-"]
[White "Clive Everill"]
[Black "safoocat"]
[Result "1-0"]
[WhiteCountry "CZE"]
[BlackCountry "USA"]
[WhiteElo "1708"]
[WhiteRD "55"]
[BlackElo "1528"]
[BlackRD "100"]
[GameID "139718"]

1. e4 e5 2. Nf3 Nc6 3. Bc4 Nf6 4. Ng5 d5 5. exd5 Nxd5 6. Nxf7 Kxf7 7. Qf3+ Ke6 8. Nc3 Ne7 9. Qe4 c6 10. d4 Qd6
11. f4 Ng6 12. f5+
1-0

[Event "The Frying of Many Livers"]
[Site "SchemingMind.com"]
[Date "2008.02.01"]
[Round "-"]
[White "matizccc"]
[Black "safoocat"]
[Result "0-1"]
[WhiteCountry "ROU"]
[BlackCountry "USA"]
[WhiteElo "1710"]
[WhiteRD "70"]
[BlackElo "1461"]
[BlackRD "82"]
[GameID "139719"]

1. e4 e5 2. Nf3 Nc6 3. Bc4 Nf6 4. Ng5 d5 5. exd5 Nxd5 6. Nxf7 Kxf7 7. Qf3+ Ke6 8. Nc3 Ne7 9. O-O c6 10. d4 Ng6
11. Re1 Qd6 12. dxe5 Qc7 13. Bxd5+ cxd5 14. Nxd5 Qa5 15. Bf4 Qxd5 16. Qg4+ Kf7 17. Qg3 Be6 18. f3 Be7 19. b3 Bh4 20. c4 Qd4+
21. Be3 Qxe5 22. Qxe5 Nxe5 23. Re2 Bf6 24. Rd1 g5 25. Bd4 Nc6 26. Bc5 g4 27. Rde1 Rhe8 28. f4 b6 29. Bd6 Rad8 30. Ba3 Nd4
31. Re3 Nc2 32. R3e2 Nxe1
0-1

[Event "The Frying of Many Livers"]
[Site "SchemingMind.com"]
[Date "2008.01.31"]
[Round "-"]
[White "lemmie"]
[Black "safoocat"]
[Result "1-0"]
[WhiteCountry "NED"]
[BlackCountry "USA"]
[WhiteElo "1768"]
[WhiteRD "55"]
[BlackElo "1420"]
[BlackRD "84"]
[GameID "139720"]

1. e4 e5 2. Nf3 Nc6 3. Bc4 Nf6 4. Ng5 d5 5. exd5 Nxd5 6. Nxf7 Kxf7 7. Qf3+ Ke6 8. Nc3 Nb4 9. Qe4 c6 10. a3 b5
11. Bb3 Qa5 12. Rb1 Bb7 13. axb4 Qb6 14. Qf3 Rd8 15. O-O Bxb4 16. Qg4+ Kf7 17. Qxb4 Rhf8 18. d3 Kg8 19. Be3 Qc7 20. Qc5 Qf7
21. Ra1 a6 22. Ne4 Qg6 23. Qe7 Bc8 24. Qxe5 Be6 25. Rxa6 Rf5 26. Qg3 Qe8 27. Bd4
1-0

[Event "The Frying of Many Livers"]
[Site "SchemingMind.com"]
[Date "2008.02.07"]
[Round "-"]
[White "M. Clark"]
[Black "Clive Everill"]
[Result "0-1"]
[WhiteCountry "USA"]
[BlackCountry "CZE"]
[WhiteElo "1352"]
[WhiteRD "74"]
[BlackElo "1680"]
[BlackRD "52"]
[GameID "139731"]

1. e4 e5 2. Nf3 Nc6 3. Bc4 Nf6 4. Ng5 d5 5. exd5 Nxd5 6. Nxf7 Kxf7 7. Qf3+ Ke6 8. Nc3 Nb4 9. Qe4 g6 10. a3 Nxc2+
11. Qxc2 c6 12. O-O Bc5 13. Ne4 Qb6 14. b4 Bd4 15. Bb2 Bxb2 16. Qxb2 Qd4 17. Qxd4 exd4 18. Bxd5+ Kxd5
0-1

[Event "The Frying of Many Livers"]
[Site "SchemingMind.com"]
[Date "2008.02.01"]
[Round "-"]
[White "M. Clark"]
[Black "matizccc"]
[Result "0-1"]
[WhiteCountry "USA"]
[BlackCountry "ROU"]
[WhiteElo "1336"]
[WhiteRD "78"]
[BlackElo "1710"]
[BlackRD "70"]
[GameID "139732"]

1. e4 e5 2. Nf3 Nc6 3. Bc4 Nf6 4. Ng5 d5 5. exd5 Nxd5 6. Nxf7 Kxf7 7. Qf3+ Ke6 8. Nc3 Ne7 9. Qh3+ Kd6 10. Ne4+ Kc6
11. Qb3 b6 12. Qb5+ Kb7 13. Nc5+ Kb8 14. O-O Bd7 15. Qxd7 Qxd7 16. Nxd7+ Kb7 17. Nxe5 c6 18. Nf7 Rg8 19. Nd6+ Kc7 20. Ne4 Nf5
21. Bxd5 cxd5
0-1

[Event "The Frying of Many Livers"]
[Site "SchemingMind.com"]
[Date "2008.02.01"]
[Round "-"]
[White "M. Clark"]
[Black "lemmie"]
[Result "0-1"]
[WhiteCountry "USA"]
[BlackCountry "NED"]
[WhiteElo "1352"]
[WhiteRD "74"]
[BlackElo "1768"]
[BlackRD "55"]
[GameID "139733"]

1. e4 e5 2. Nf3 Nc6 3. Bc4 Nf6 4. Ng5 d5 5. exd5 Nxd5 6. Nxf7 Kxf7 7. Qf3+ Ke6 8. Nc3 Nb4 9. Qh3+ Kd6 10. Ne4+ Kc6
11. Qb3 b5 12. Bxd5+ Qxd5 13. Qc3+ Kb7 14. a3 Qxe4+ 15. Kf1 Qxc2 16. Qf3+ e4 17. Qe2 Nd3 18. Qxe4+ c6 19. Ke2 Nxc1+ 20. Kf3 Bg4+
21. Qxg4 Qd3+ 22. Kf4 Bd6+ 23. Kg5 Be7+ 24. Kf4 Rhf8+
0-1

[Event "The Frying of Many Livers"]
[Site "SchemingMind.com"]
[Date "2008.01.31"]
[Round "-"]
[White "M. Clark"]
[Black "safoocat"]
[Result "1-0"]
[WhiteCountry "USA"]
[BlackCountry "USA"]
[WhiteElo "1403"]
[WhiteRD "76"]
[BlackElo "1528"]
[BlackRD "100"]
[GameID "139734"]

1. e4 e5 2. Nf3 Nc6 3. Bc4 Nf6 4. Ng5 d5 5. exd5 Nxd5 6. Nxf7 Kxf7 7. Qf3+ Ke6 8. Nc3 Nb4 9. Qh3+ Kd6 10. Ne4+ Kc6
11. Qb3 Bf5 12. Qa4+ Kb6 13. Qb5#
1-0

[Event "The Frying of Many Livers"]
[Site "SchemingMind.com"]
[Date "2008.02.07"]
[Round "-"]
[White "Clive Everill"]
[Black "M. Clark"]
[Result "1-0"]
[WhiteCountry "CZE"]
[BlackCountry "USA"]
[WhiteElo "1680"]
[WhiteRD "52"]
[BlackElo "1352"]
[BlackRD "74"]
[GameID "139735"]

1. e4 e5 2. Nf3 Nc6 3. Bc4 Nf6 4. Ng5 d5 5. exd5 Nxd5 6. Nxf7 Kxf7 7. Qf3+ Ke6 8. Nc3 Nd4 9. Bxd5+ Kd6 10. Qd3 Bf5
11. Be4 Bxe4 12. Nxe4+ Kd7 13. c3 Ke8 14. cxd4 c5 15. Qb5+ Qd7 16. Qxd7+ Kxd7 17. dxe5 h6 18. O-O
1-0

[Event "The Frying of Many Livers"]
[Site "SchemingMind.com"]
[Date "2008.02.01"]
[Round "-"]
[White "matizccc"]
[Black "M. Clark"]
[Result "1-0"]
[WhiteCountry "ROU"]
[BlackCountry "USA"]
[WhiteElo "1745"]
[WhiteRD "69"]
[BlackElo "1352"]
[BlackRD "74"]
[GameID "139736"]

1. e4 e5 2. Nf3 Nc6 3. Bc4 Nf6 4. Ng5 d5 5. exd5 Nxd5 6. Nxf7 Kxf7 7. Qf3+ Qf6 8. Qxf6+ Kxf6 9. Bxd5 Nb4 10. Bb3 Bf5
11. Na3 Nc6 12. O-O Bxa3 13. bxa3 Nd4 14. d3 c5 15. Bb2 Ne2+ 16. Kh1 Nf4 17. g3 Nh3 18. Rae1 Rae8 19. f4 Kg6 20. Kg2 exf4
21. d4 Rxe1 22. Rxe1
1-0

[Event "The Frying of Many Livers"]
[Site "SchemingMind.com"]
[Date "2008.02.01"]
[Round "-"]
[White "lemmie"]
[Black "M. Clark"]
[Result "1-0"]
[WhiteCountry "NED"]
[BlackCountry "USA"]
[WhiteElo "1749"]
[WhiteRD "56"]
[BlackElo "1336"]
[BlackRD "78"]
[GameID "139737"]

1. e4 e5 2. Nf3 Nc6 3. Bc4 Nf6 4. Ng5 d5 5. exd5 Nxd5 6. Nxf7 Kxf7 7. Qf3+ Ke6 8. Nc3 Qf6 9. Qxd5+ Ke7 10. Ne4 Qf5
11. d3 Be6 12. Bg5+ Ke8 13. Qxe6+ Qxe6 14. Bxe6 Nd4 15. Bb3 Nxb3 16. axb3 Bb4+ 17. c3 Bf8 18. Ra5 h6 19. Rxe5+ Kd7 20. Bh4 b6
21. Kd2 g5 22. Bg3 Bg7 23. Rd5+ Ke6 24. Rb5 a6 25. Rb4 a5 26. Rb5 Rac8 27. Re1
1-0

[Event "The Frying of Many Livers"]
[Site "SchemingMind.com"]
[Date "2008.02.07"]
[Round "-"]
[White "marble"]
[Black "Clive Everill"]
[Result "1-0"]
[WhiteCountry "ENG"]
[BlackCountry "CZE"]
[WhiteElo "1623"]
[WhiteRD "55"]
[BlackElo "1708"]
[BlackRD "55"]
[GameID "139803"]

1. e4 e5 2. Nf3 Nc6 3. Bc4 Nf6 4. Ng5 d5 5. exd5 Nxd5 6. Nxf7 Kxf7 7. Qf3+ Ke6 8. Nc3 Nb4 9. Qe4 c6 10. a3 Na6
11. d4 Qd6 12. Bf4 Kd7 13. dxe5 Qe6 14. O-O-O Nc7 15. Nxd5 cxd5 16. Rxd5+ Nxd5 17. Bxd5 Qa6 18. e6+ Kd8 19. Rd1 Ke7 20. Bg5+ Ke8
21. e7
1-0

[Event "The Frying of Many Livers"]
[Site "SchemingMind.com"]
[Date "2008.02.06"]
[Round "-"]
[White "marble"]
[Black "matizccc"]
[Result "0-1"]
[WhiteCountry "ENG"]
[BlackCountry "ROU"]
[WhiteElo "1634"]
[WhiteRD "55"]
[BlackElo "1745"]
[BlackRD "69"]
[GameID "139804"]

1. e4 e5 2. Nf3 Nc6 3. Bc4 Nf6 4. Ng5 d5 5. exd5 Nxd5 6. Nxf7 Kxf7 7. Qf3+ Ke6 8. Nc3 Ne7 9. d4 exd4 10. Qg4+ Kd6
11. Nb5+ Kc5 12. Qxd4+ Kc6 13. Be3 b6 14. O-O-O Be6 15. Bxd5+ Qxd5 16. Qc3+ Qc4 17. Nd4+ Kb7 18. Nxe6 Qxe6 19. g3 Qxa2 20. Bf4 Nc6
21. Rhe1 Bb4 22. Qxg7 Qa1#
0-1

[Event "The Frying of Many Livers"]
[Site "SchemingMind.com"]
[Date "2008.02.01"]
[Round "-"]
[White "marble"]
[Black "lemmie"]
[Result "0-1"]
[WhiteCountry "ENG"]
[BlackCountry "NED"]
[WhiteElo "1623"]
[WhiteRD "55"]
[BlackElo "1627"]
[BlackRD "56"]
[GameID "139805"]

1. e4 e5 2. Nf3 Nc6 3. Bc4 Nf6 4. Ng5 d5 5. exd5 Nxd5 6. Nxf7 Kxf7 7. Qf3+ Ke6 8. Nc3 Ne7 9. d4 c6 10. Bg5 Kd7
11. dxe5 h6 12. Bh4 Kc7 13. Bg3 Be6 14. Bxd5 Nxd5 15. O-O-O Qg5+ 16. Kb1 Rd8 17. Ne4 Qf5 18. Qe2 Kb8 19. f4 Be7 20. Rhf1 Rhf8
21. Be1 Nxf4 22. Rxd8+ Rxd8 23. Qf3 Rf8 24. Bg3 Nxg2 25. Qxf5 Bxf5 26. Nc3 Bxc2+
0-1

[Event "The Frying of Many Livers"]
[Site "SchemingMind.com"]
[Date "2008.02.01"]
[Round "-"]
[White "marble"]
[Black "safoocat"]
[Result "1-0"]
[WhiteCountry "ENG"]
[BlackCountry "USA"]
[WhiteElo "1634"]
[WhiteRD "55"]
[BlackElo "1420"]
[BlackRD "84"]
[GameID "139806"]

1. e4 e5 2. Nf3 Nc6 3. Bc4 Nf6 4. Ng5 d5 5. exd5 Nxd5 6. Nxf7 Kxf7 7. Qf3+ Ke6 8. Nc3 Nb4 9. Qe4 c6 10. d4 Bd6
11. a3 Nxc2+ 12. Qxc2 Qh4 13. Qb3 Rf8 14. Be3 exd4 15. Bxd4 Qxd4 16. O-O Rf5 17. Rad1 Qf4 18. g3 Qf3 19. Rd3 Qh5 20. Re3+ Kd7
21. Bxd5 Rxd5 22. Nxd5 Qxd5 23. Qc3 Qf7 24. Rd3 Kc7 25. Rfd1 Qe7 26. Qd2
1-0

[Event "The Frying of Many Livers"]
[Site "SchemingMind.com"]
[Date "2008.02.01"]
[Round "-"]
[White "marble"]
[Black "M. Clark"]
[Result "1-0"]
[WhiteCountry "ENG"]
[BlackCountry "USA"]
[WhiteElo "1634"]
[WhiteRD "55"]
[BlackElo "1352"]
[BlackRD "74"]
[GameID "139807"]

1. e4 e5 2. Nf3 Nc6 3. Bc4 Nf6 4. Ng5 d5 5. exd5 Nxd5 6. Nxf7 Kxf7 7. Qf3+ Ke6 8. Nc3 Qf6 9. Qxd5+ Ke7 10. O-O Be6
11. Qb5 Nd4 12. Qxb7 Rb8 13. Qxc7+ Ke8 14. Qxb8+ Kf7 15. Qxa7+ Kg8 16. Bxe6+ Qxe6 17. d3 Qg6 18. Be3 Nxc2 19. Rad1 e4 20. Nxe4 Nb4
21. Nc5 Nc6 22. Qd7 Ne5 23. Qd5+ Nf7 24. Rfe1 Qd6 25. Qc4 Qe7 26. Ne6
1-0

[Event "The Frying of Many Livers"]
[Site "SchemingMind.com"]
[Date "2008.02.07"]
[Round "-"]
[White "Clive Everill"]
[Black "marble"]
[Result "1-0"]
[WhiteCountry "CZE"]
[BlackCountry "ENG"]
[WhiteElo "1708"]
[WhiteRD "55"]
[BlackElo "1623"]
[BlackRD "55"]
[GameID "139808"]

1. e4 e5 2. Nf3 Nc6 3. Bc4 Nf6 4. Ng5 d5 5. exd5 Nxd5 6. Nxf7 Kxf7 7. Qf3+ Ke6 8. Nc3 Ne7 9. d4 c6 10. Qe4 Qd6
11. Bf4 Ng6 12. Bg3 Be7 13. f4 Bf6 14. f5+ Ke7 15. fxg6 Ke6 16. O-O-O hxg6 17. dxe5 Bxe5 18. Bxe5 Qxe5 19. Qxe5+ Kxe5 20. Rhe1+ Kd6
21. Nxd5 cxd5 22. Rxd5+ Kc7 23. Re7+ Kb8 24. Rxg7 Be6 25. Rd4 Bf5 26. g4 Bxg4 27. Rxg4 Rxh2 28. R4xg6 a5 29. Rg5 Rh4 30. Rg8+ Ka7
31. Rxa5+ Kb6 32. Rgxa8 Rxc4 33. b3
1-0

[Event "The Frying of Many Livers"]
[Site "SchemingMind.com"]
[Date "2008.02.03"]
[Round "-"]
[White "matizccc"]
[Black "marble"]
[Result "0-1"]
[WhiteCountry "ROU"]
[BlackCountry "ENG"]
[WhiteElo "1745"]
[WhiteRD "69"]
[BlackElo "1634"]
[BlackRD "55"]
[GameID "139809"]

1. e4 e5 2. Nf3 Nc6 3. Bc4 Nf6 4. Ng5 d5 5. exd5 Nxd5 6. Nxf7 Kxf7 7. Qf3+ Ke6 8. Nc3 Nb4 9. O-O c6 10. Bb3 Bd6
11. a3 Na6 12. Bxd5+ cxd5 13. Qxd5+ Ke7 14. d4 Qd7 15. Bg5+ Ke8 16. Rae1 Nc7 17. Qc4 Ne6 18. dxe5 Bf8 19. Be3 b6 20. Ne4 Bb7
21. Rd1 Qc6 22. Qd4 Nxd4 23. Rxd4 Rd8 24. Nd6+ Bxd6 25. exd6 Qxg2#
0-1

[Event "The Frying of Many Livers"]
[Site "SchemingMind.com"]
[Date "2008.02.01"]
[Round "-"]
[White "lemmie"]
[Black "marble"]
[Result "1-0"]
[WhiteCountry "NED"]
[BlackCountry "ENG"]
[WhiteElo "1627"]
[WhiteRD "56"]
[BlackElo "1623"]
[BlackRD "55"]
[GameID "139810"]

1. e4 e5 2. Nf3 Nc6 3. Bc4 Nf6 4. Ng5 d5 5. exd5 Nxd5 6. Nxf7 Kxf7 7. Qf3+ Ke6 8. Nc3 Nb4 9. Qe4 b5 10. Bb3 c5
11. d3 a5 12. a3 a4 13. axb4 axb3 14. Rxa8 Nxc3 15. Qg4+ Kd6 16. Rxc8 Qf6 17. bxc5+ Kd5 18. Qd7+
1-0

[Event "The Frying of Many Livers"]
[Site "SchemingMind.com"]
[Date "2008.02.01"]
[Round "-"]
[White "safoocat"]
[Black "marble"]
[Result "0-1"]
[WhiteCountry "USA"]
[BlackCountry "ENG"]
[WhiteElo "1420"]
[WhiteRD "84"]
[BlackElo "1634"]
[BlackRD "55"]
[GameID "139811"]

1. e4 e5 2. Nf3 Nc6 3. Bc4 Nf6 4. Ng5 d5 5. exd5 Nxd5 6. Nxf7 Kxf7 7. Qf3+ Ke6 8. Nc3 Nb4 9. Bxd5+ Nxd5 10. O-O Nxc3
11. Qxc3 Kf7 12. Qxe5 Bd6 13. Qd5+ Be6 14. Qf3+ Qf6 15. Qxb7 Qh6 16. g3 Rhb8 17. Qf3+ Kg8 18. d4 Qg6 19. Qe2 Re8 20. Be3 a6
21. c4 Bd7 22. Qd2 Rf8 23. d5 Bh3 24. Rfe1 Qe4 25. f4 Bb4
0-1

[Event "The Frying of Many Livers"]
[Site "SchemingMind.com"]
[Date "2008.02.01"]
[Round "-"]
[White "M. Clark"]
[Black "marble"]
[Result "0-1"]
[WhiteCountry "USA"]
[BlackCountry "ENG"]
[WhiteElo "1352"]
[WhiteRD "74"]
[BlackElo "1634"]
[BlackRD "55"]
[GameID "139812"]

1. e4 e5 2. Nf3 Nc6 3. Bc4 Nf6 4. Ng5 d5 5. exd5 Nxd5 6. Nxf7 Kxf7 7. Qf3+ Ke6 8. Nc3 Nb4 9. Qh3+ Kf7 10. Qf3+ Ke6
11. Bb3 Bc5 12. a3 Nxc2+ 13. Bxc2 Rf8 14. Qh3+ Kf7 15. Qd3 Nxc3 16. Qxc3 Bb6 17. Bb3+ Be6 18. Qf3+ Ke7 19. Qxb7 Bxb3 20. O-O Bc4
21. Re1 Bxf2+ 22. Kh1 Bxe1 23. Qb4+ Qd6 24. Qxc4 Rf4 25. Qe2 Raf8
0-1

[Event "The Frying of Many Livers"]
[Site "SchemingMind.com"]
[Date "2008.02.02"]
[Round "-"]
[White "jtrochez1"]
[Black "marble"]
[Result "1/2-1/2"]
[WhiteCountry "HON"]
[BlackCountry "ENG"]
[WhiteElo "1579"]
[WhiteRD "50"]
[BlackElo "1634"]
[BlackRD "55"]
[GameID "139880"]

1. e4 e5 2. Nf3 Nc6 3. Bc4 Nf6 4. Ng5 d5 5. exd5 Nxd5 6. Nxf7 Kxf7 7. Nc3 Be6 8. Bxd5 Bxd5 9. Nxd5 Qxd5 10. Qg4 g6
11. c3 Bg7 12. b3 e4 13. Qf4+ Bf6 14. O-O Qe5 15. Qxe5 Nxe5 16. Bb2 Nd3 17. Rab1 b5 18. b4 a5 19. bxa5 Rxa5 20. a3 c5
21. f4 Nxb2 22. Rxb2 Ra4 23. Rxb5 Be7 24. Ra1 Re8 25. g3 c4 26. Kf2 Rxa3 27. Rxa3 Bxa3 28. Ke3 Bc1 29. Rc5 Rd8 30. Rxc4 Rxd2
31. Kxe4 Rxh2 32. Rc7+ Ke6 33. Rc6+ Kd7 34. Rf6 Bd2 35. c4 Rh3 36. Rf7+ Ke8 37. Rb7 h5 38. c5 Rxg3 39. f5 Re3+ 40. Kd5 gxf5
41. c6 Ba5 42. Rh7 Rh3 43. Ke6 Kf8 44. Kxf5 Kg8 45. Rb7 h4 46. Kg4 Rh1 47. c7 Bxc7 48. Rxc7 h3=
1/2-1/2

[Event "The Frying of Many Livers"]
[Site "SchemingMind.com"]
[Date "2008.02.07"]
[Round "-"]
[White "jtrochez1"]
[Black "Clive Everill"]
[Result "1-0"]
[WhiteCountry "HON"]
[BlackCountry "CZE"]
[WhiteElo "1556"]
[WhiteRD "53"]
[BlackElo "1708"]
[BlackRD "55"]
[GameID "139881"]

1. e4 e5 2. Nf3 Nc6 3. Bc4 Nf6 4. Ng5 d5 5. exd5 Nxd5 6. Nxf7 Kxf7 7. Nc3 Be6 8. Qf3+ Nf6 9. Bxe6+ Kxe6 10. O-O Nd4
11. Qd1 Bd6 12. d3 c6 13. Be3 Nf5 14. Qf3 h6 15. Rad1 g5 16. Ne4 g4 17. Qe2 Nxe4 18. dxe4 h5 19. Qc4+ Kf6 20. exf5 Qe7
21. f4 exf4 22. Bxf4 Bc5+ 23. Kh1 Bb6 24. Rd6+ Kxf5 25. Qd3+ Qe4 26. Bg3+
1-0

[Event "The Frying of Many Livers"]
[Site "SchemingMind.com"]
[Date "2008.02.02"]
[Round "-"]
[White "jtrochez1"]
[Black "matizccc"]
[Result "0-1"]
[WhiteCountry "HON"]
[BlackCountry "ROU"]
[WhiteElo "1579"]
[WhiteRD "50"]
[BlackElo "1745"]
[BlackRD "69"]
[GameID "139882"]

1. e4 e5 2. Nf3 Nc6 3. Bc4 Nf6 4. Ng5 d5 5. exd5 Nxd5 6. Nxf7 Kxf7 7. Nc3 Be6 8. Bxd5 Bxd5 9. Nxd5 Qxd5 10. O-O Be7
11. c3 Rhf8 12. d3 Kg8 13. Be3 Bh4 14. Qg4 Be7 15. Bh6 Rf7 16. b3 Qxd3 17. Rfc1 g6 18. Qd1 Qf5
0-1

[Event "The Frying of Many Livers"]
[Site "SchemingMind.com"]
[Date "2008.02.01"]
[Round "-"]
[White "jtrochez1"]
[Black "lemmie"]
[Result "0-1"]
[WhiteCountry "HON"]
[BlackCountry "NED"]
[WhiteElo "1556"]
[WhiteRD "53"]
[BlackElo "1627"]
[BlackRD "56"]
[GameID "139883"]

1. e4 e5 2. Nf3 Nc6 3. Bc4 Nf6 4. Ng5 d5 5. exd5 Nxd5 6. Nxf7 Kxf7 7. Nc3 Be6 8. Nxd5 Bxd5 9. Bxd5+ Qxd5 10. Qg4 Nd4
11. O-O h5 12. Qd1 h4 13. f3 Bc5 14. Kh1 Nf5 15. c4 Ng3+
0-1

[Event "The Frying of Many Livers"]
[Site "SchemingMind.com"]
[Date "2008.02.01"]
[Round "-"]
[White "jtrochez1"]
[Black "safoocat"]
[Result "1-0"]
[WhiteCountry "HON"]
[BlackCountry "USA"]
[WhiteElo "1579"]
[WhiteRD "50"]
[BlackElo "1420"]
[BlackRD "84"]
[GameID "139884"]

1. e4 e5 2. Nf3 Nc6 3. Bc4 Nf6 4. Ng5 d5 5. exd5 Nxd5 6. Nxf7 Kxf7 7. Nc3 Be6 8. Nxd5 Bxd5 9. Bxd5+ Qxd5 10. Qg4 Be7
11. c3 Rad8 12. O-O Bf6 13. f3 Rhf8 14. f4 Kg8 15. f5 Na5 16. Qf3 e4 17. Qh3 Nc4 18. Rf2 Be7 19. b3 Ne5 20. d4 exd3
21. Bd2 Bc5 22. Be3 Bxe3 23. Qxe3
1-0